000 00286nam a2200121Ia 4500
008 190216s9999||||xx |||||||||||||| ||und||
100 _aThampi. J K.
245 0 _aAmma Paranja Kathakal (bala Sahithiyam)
260 _bUrmila
_c2001
300 _a44
650 _aKathakal
942 _cBK
999 _c28237
_d28237